• 首页
  • 本馆介绍
  • 公告通知
  • 最新文献
  • 馆藏检索
  • 电子资源
  • 读者导购
  • 参考咨询
  • 我的图书馆
  • 登录
  • 详细信息显示
  • 放入我的书架
  • 预约/预借图书
  • 作者相关作品
  • 分类相关作品
  • 丛书相关作品
  • 出版社相关作品

书目信息

  • 表格格式
  • 工作单格式
  • 卡片格式
题名:
采访摄影入门
    
 
作者: 陈和毅 著
分册:  
出版信息: 北京   工商出版社  1981
页数: 86页
开本: 18cm
丛书名: 大众摄影指南丛书
单 册:
中图分类: J419.1
科图分类:
主题词: 新闻摄影-摄影技术 , 摄影技术-新闻摄影
电子资源:
ISBN:
000 00699nam2 2200265 45
001 0181003363
005 20060803163013.98
010    @dCNY0.30
091    @aCN@b8246.006
100    @a19950408d1981 em y0chiy0121 ea
101 0  @achi
102    @aCN@b110000
105    @ac z 000yy
200 10 @a采访摄影入门@Acai fang she ying ru men@f陈和毅著
210    @a北京@c工商出版社@d1981
215    @a86页@c照片@d18cm
225 2  @a大众摄影指南丛书
410  0 @120010@a大众摄影指南丛书
606    @a新闻摄影-摄影技术
606    @a摄影技术-新闻摄影
690    @aJ419.1@v3
701  0 @a陈和毅@Achen he yi@4著
801  2 @aCN@bNLC@c20060803
801  0 @aCN@bTSSF
905    @a10447@dJ419.1@e180
    
    采访摄影入门/陈和毅著.-北京:工商出版社,1981
    86页:照片;18cm.-(大众摄影指南丛书)
    
    
    ISBN :CNY0.30
    
●
相关链接 在E读中查询图书 在五车中查询图书 在当当中查询图书 在豆瓣中查询图书


正题名:采访摄影入门     索取号:J419.1/180         预约/预借

序号 登录号 条形码 馆藏地/架位号 状态 备注
1 0444208   204442086   密集书库/ [索取号:J419.1/180] 在馆    
2 0466920   204669206   密集书库/ [索取号:J419.1/180] 在馆    
唐山师范学院图书馆 欢迎您!
大连网信软件有限公司© 版权所有